00332nam a2200109Ia 4500008004000000082001600040100001600056245004300072260004700115300000600162650005400168210210b2000 xxu||||| |||| 00| 0 eng d a032.02 ASHA aASHA (A J). aAmazing questions, incredible answers! aDelhibM B D Publishers Distributorsc2000 a- aQuestions Answers Amazing General Knowledge Quizy